000 01379nam a2200313 4500
001 0000013500
003 CO-CtgCURN
005 20250331184416.0
007 ta
008 160627s1994 000 0 eng d
020 _a9589560326
040 _aCO-CtgCURN
_bspa
_ccoctgcurn
082 0 _a340.11
_bN64i
100 1 _aNoguera Laborde, Rodrigo.
245 1 0 _aIntroducción general al derecho /
_cRodrigo Noguera Laborde.
260 _aBogotá :
_bInstitucion Universitaria Sergio Arboleda,
_c1994.
300 _a2 V.
336 _2rdacontent
337 _2rdamedia
_asin mediacion
_bn
338 _2rdacarrier
_avolumen
_bnc
490 1 _aSerie Major ;
_v3, 6
504 _aBibliografia.
505 8 _av.1: Introducción a la filosofia del derecho: Concepto del derecho.--El derecho, la moral y los usos sociales.--La norma juridica.--La relacion juridica, el derecho subjetivo y la obligacion juridica.--v.2: Introducción a la ciencia del derecho: Divisiones del derecho positivo.--Las fuentes formales del derecho.--El ordenamiento juridico positivo.--La plenitud del ordenamiento juridico.--Interpretacion de las leyes
650 1 4 _aFilosofia del derecho.
908 _a160627
942 _cBK
_h340.11
_iN64i
_2ddc
999 _c18776
_d18776